| 000 | 00676nam a2200217 i 4500 | ||
|---|---|---|---|
| 001 | 112745 | ||
| 003 | ES-MaACL | ||
| 005 | 20230906185620.0 | ||
| 007 | t| | ||
| 008 | 061121m19001980gw r ||||1| ger d | ||
| 100 | 1 |
_aNietzsche, Friedrich, _d1844-1900 _985718 |
|
| 245 | 1 | 0 |
_aAlso sprach Zarathustra _b: aus dem nachlasz 1882-1885 / _cFriedrich Nietzsche. |
| 260 |
_aLeipzig : _bAlfred Kröner, _c[19__?] |
||
| 300 |
_aXXIX, 502 p. ; _c17 cm. |
||
| 490 | 1 |
_aNietzsches werke ; _vVII |
|
| 650 | 0 | 4 |
_aNihilismo (Filosofía) _915540 |
| 650 | 4 |
_aSuperhombre. _9147358 |
|
| 830 | 0 |
_aNietzsches werke ; _vVII _9226411 |
|
| 852 |
_aES-MaACL _jG-313 |
||
| 999 |
_c112745 _d112745 |
||